000 00606nam a2200241Ia 4500
003 OSt
005 20221005060519.0
006 a|||||r|||| 00| 0
007 ta
008 221004b |||||||| |||| 00| 0 eng d
024 _a61993
037 _cTextual
040 _aCRL
_cCRL
_beng
041 _2eng
_aeng
082 _aS:45, M3
100 _aClark John H
_984301
245 0 _aMap of mental states
260 _aLondon
_bRoutledge and Kegan paul
_c1983
300 _a242p.
_ccm.
650 _aPSYCHOLOGY
942 _hS:45, M3
_cTEXL
_2cc
999 _c966815
_d966815